Đang tải...

Dravidante Likhithangal

Chi tiết về thư mục
Tác giả chính: Prasanth,Mithran
Định dạng: Printed Book
Ngôn ngữ:Undetermined
Được phát hành: Kottayam DC Books 2008
Những chủ đề:
LEADER 00501nam a2200157Ia 4500
008 140316s9999 xx 000 0 und d
020 |a 9788126420780 
082 |a 813.1  |b PRA/DR 
100 |a Prasanth,Mithran 
245 |a Dravidante Likhithangal 
260 |a Kottayam  |b DC Books  |c 2008 
300 |a 126 
650 |a fiction 
942 |2 ddc  |c BK 
999 |c 9676  |d 9676 
952 |0 0  |1 0  |2 ddc  |4 0  |6 813_100000000000000_PRADR  |7 0  |9 10873  |a KAUCLV  |b KAUCLV  |c GENERAL  |d 2014-03-18  |o 813.1 PRA/DR  |p 218053  |r 2014-03-18  |w 2014-03-18  |y BK